000 00292nam a22001337a 4500
008 170529b xxu||||| |||| 00| 0 eng d
020 _a0471035408
041 _aeng
080 _a621
100 _a27
101 _aIM
245 _aAPPLICATIONS OF MAGNETISM
_cWATSON, J.K
942 _2udc
_cBK
999 _c14774
_d14774